La liturgia en la vida de la iglesia: culto y celebración

Saved in:
Bibliographic Details
Main Authors: Gutiérrez-Martin, José Luis (Author), Arocena, Félix María (Author), Blanco, Pablo (Author)
Format: Book
Language:Spanish
Published: Pamplona Eunsa 2007
Edition:1a. ed
Series:Simposios Internacionales de Teología
Subjects:
Tags: Add Tag
No Tags, Be the first to tag this record!

MARC

LEADER 00000cam a2200000 a 4500
001 UCE9123
003 CL-VaPUC
008 150928e20070000sp |||||||||||||||||spa|d
020 |a 9788431324438 
082 0 4 |a 264  |b GUT  |2 21 
100 0 |a Gutiérrez-Martin, José Luis  |e author  |9 581833 
700 0 |a Arocena, Félix María  |e author  |9 581834 
700 0 |a Blanco, Pablo  |e author  |9 581835 
245 1 0 |a La liturgia en la vida de la iglesia: culto y celebración 
250 |a 1a. ed 
300 |a 317 p 
942 |c BK 
945 |d 20150928 14:02:00  |a gsalatino 
260 |a Pamplona  |b Eunsa  |c 2007 
650 0 |a Liturgia católica  |9 516111 
650 7 |a CULTO  |2 CL-VaPUC  |9 314205 
650 7 |a CELEBRACION LITURGICA  |2 CL-VaPUC  |9 581836 
583 |a last modification  |c 20150928 14:02:00  |k Rodrigo Vera 
490 0 |a Simposios Internacionales de Teología 
999 |c 360821  |d 360819 
952 |0 0  |1 0  |3 erb  |4 0  |6 264_000000000000000_GUT_2007  |7 0  |8 A  |9 470793  |a BIBTEO  |b BIBTEO  |i 5200245  |o 264 GUT 2007  |p 5200245  |r 2025-01-17  |w 2019-11-23  |y BK  |z Catalogado en:20150928  |k ICR